Les voitures (vroummm) - Statistiques

Statistiques générales
  • Ce quiz a été pris 111 fois
  • Le résultat moyen est 12 sur 30
Statistiques - réponses
Question Réponse % Correct
Quel est le prénom de l'amoureuse de Flash McQueen dans la saga de film "Cars" ? Sally
83%
A partir de quelle année la vente de voitures thermiques sera-t-elle interdite au sein de l'UE ? 2035
75%
Quelle marque de voiture a pour logo 4 cercles disposés conjointement à l'horizontal ? Audi
64%
De quel type d'accident Schumacher a-t-il été victime ? ski
60%
Quel geste obscène un conducteur s'énervant sur un autre a-t-il tendance à faire ? doigt d'honneur
58%
Quel est le verbe qui décrit l'action de relâcher son pied de la pédale permettant de changer de vitesse ? embrayer
58%
L'autoroute A6, reliant Paris à Marseille possède le doux surnom d'autoroute du ... ? soleil
58%
Quelle voiture ancienne est également un nom d'insecte ? coccinelle
57%
Comment s'appelle l'employé le plus connu de chez Carglass (ouais y en a plusieurs mais débrouille-toi) ? Olivier
54%
De quel pays est originaire la marque Dacia ? Roumanie
51%
Que signifie littéralement Volkswagen ? voiture du peuple
50%
Quelle princesse anglaise a trouvé la mort sous le pont de l'Alma à Paris ? Diana
49%
Quel est le nom de la vignette obligatoire pour tout véhicule circulant en France (cette vignette témoigne du niveau de pollution de la voiture) ? Crit'Air
48%
Combien de versions de Mario Kart sont sorties au 1 mai 2024 (réponds en chiffre) ? 15
45%
De quel pays est originaire la marque Kia ? Corée du Sud
45%
Quelle marque américaine de jouets a produit de nombreuses petites voitures avec lesquelles nous avons tous joué ? Hot Wheels
45%
Quel est le seul pays européen à disposer de plaques rouges (WTF pourquoi ils ont des plaques comme ça eux) ? Belgique
40%
Quand une ambulance passe à côté de toi dans la rue toutes sirènes hurlantes, tu peux être témoin d'un effet auditif, quel est son nom (donne uniquement le nom propre, sans "effet") ? Doppler
40%
Comme s'appelle le circuit de F1 belge ? Spa-Francorchamps
38%
Quelle chanteuse a chanté Joe, un joli taxi, en 1987 ? Vanessa Paradis
38%
Sachant que ma voiture consomme 4,5 litres d'essence pour 50km, de combien de litres ai-je besoin pour réaliser 230km ? 20,7
35%
Quel est le nom de la marque de voiture sans-permis la plus célèbre (si t'arrives avec ça au lycée, t'as le styleeee) ? Aixam
27%
Lors d'un orage, il est safe de se réfugier dans une voiture, cette dernière agissant comme une ... ? cage de Faraday
25%
Quel est (au litre), le prix du gazole en France le 1er avril 2024 (cette question n'est pas un poisson) ? 1,76
14%
Quel est le troisième temps du cycle d'un moteur ? détente
13%
De quel expression le sigle GPS est-il l'acronyme ? Global Positioning System
13%
En Belgique, qui procède effectivement au retrait immédiat du permis de conduire ? policier
13%
Quel est approximativement le nombre de véhicules à moteur (à 4 roues ou plus) en circulation dans le Monde (réponds en chiffre) ? 1400000000
7%
Dans quel capitale asiatique le président a-t-il interdit la circulation de voitures non blanches ? Ashgabat
6%
La route 66 (aux USA) relie Chicago à ... ? Santa Monica
5%
Aucun quiz correspondant
Distribution des résultats
% des personnes avec chaque résultat
Percentile par nombre de réponses
Votre historique - résultats
Vous n’avez pas pris ce quiz